00571nam a2200145Ia 4500008004100000100001800041245015200059245006600211260003900277260000900316300000800325650001800333650001500351856005900366170221s9999 xx 000 0 und d aG. L. Forward a“Children of a Lesser God:” The Effects of Communication and Interaction Patterns on Student Spiritual Identity at a Church-Related University  cG. L. Forward, Jenay Moore, Megan Richardson, Marie Shimansky bStudies in Media and Communication c2012 a3 : xCommunication xMedia Arts uhttp://redfame.com/journal/index.php/smc/issue/view/14